Prestavba bez zastávok a krokov späť Slávnostné zhromaždenie v Moskve k 72. výročiu Veľkého októbra

Bibliographic Details
Format: Article
Language:Slovak
Subjects:

MARC

LEADER 00000nab a2200000 a 4500
001 vtls000363346
003 SK-MaSNL
005 20260305001307.0
008 111202c1989 xo 0 slo
015 |a SNBRB19rr/mm-uuuuu 
035 |a CL0363468 
040 |a SNKBUCL  |b slo  |c SNKBUCL  |e AACR2 
041 0 |a slo 
044 |a xo  |c SK 
080 |a 323.215(47)  |2 1981 
245 0 0 |a Prestavba bez zastávok a krokov späť  |b Slávnostné zhromaždenie v Moskve k 72. výročiu Veľkého októbra 
650 0 7 |a októbrová revolúcia (1917 : Rusko)  |2 snkbucl  |9 164524 
655 7 |a články z novín a časopisov  |2 snkbucl  |9 267496 
773 0 |t Pravda  |g Roč. 70, č. 261 (6. 11. 1989), s. 1 a 4 
850 |a Slovenská národná knižnica v Martine  |a MTA001 
852 |a SNK  |b KIS3GCP 
958 |a RK 
958 |a SU 
992 |a RBX 
999 |c 3218513  |d 3220443